|
|
|
|
| LEADER |
00000nam0a2200000 4500 |
| 001 |
58917 |
| 005 |
20231101211754.0 |
| 035 |
|
|
|a (RuTPU)RU\TPU\book\62249
|
| 090 |
|
|
|a 58917
|
| 100 |
|
|
|a 20031210d1981 k y0rusy50 ca
|
| 101 |
0 |
|
|a rus
|
| 102 |
|
|
|a RU
|
| 105 |
|
|
|a a g 001zy
|
| 200 |
1 |
|
|a Справочник паяльщика
|f В. Е. Хряпин
|
| 205 |
|
|
|a 5-е изд., перераб. и доп.
|
| 210 |
|
|
|a Москва
|c Машиностроение
|d 1981
|
| 215 |
|
|
|a 349.
|c ил.
|
| 225 |
1 |
|
|a Серия справочников для рабочих
|
| 320 |
|
|
|a Библиогр.: с. 349.
|
| 320 |
|
|
|a Предметный указатель: с. 336-345.
|
| 606 |
1 |
|
|a Пайка
|2 stltpush
|3 (RuTPU)RU\TPU\subj\58921
|9 76604
|
| 610 |
1 |
|
|a паяные конструкции
|
| 610 |
1 |
|
|a паяние
|
| 610 |
1 |
|
|a припои
|
| 610 |
1 |
|
|a способы
|
| 610 |
1 |
|
|a подготовка
|
| 610 |
1 |
|
|a технология
|
| 610 |
1 |
|
|a контроль
|
| 610 |
1 |
|
|a техника безопасности
|
| 610 |
1 |
|
|a качество
|
| 610 |
1 |
|
|a справочники
|
| 675 |
|
|
|a 621.791.3(035)
|v 3
|
| 700 |
|
1 |
|a Хряпин
|b В. Е.
|g Владимир Емельянович
|
| 801 |
|
1 |
|a RU
|b 63413507
|c 20031210
|g PSBO
|
| 801 |
|
2 |
|a RU
|b 63413507
|c 20211201
|g PSBO
|
| 942 |
|
|
|c BK
|